[Event "Olympiad-38"]
[Site "Dresden"]
[Date "2008.11.20"]
[Round "7"]
[White "Aronian, Levon"]
[Black "Kramnik, Vladimir"]
[Result "1/2-1/2"]
[WhiteElo "2757"]
[BlackElo "2772"]
[Annotator "Krasenkow,M"]
[PlyCount "81"]
[EventDate "2008.11.13"]
[EventType "team-swiss"]
[EventRounds "11"]
[EventCountry "GER"]
[SourceTitle "CBM 128"]
[Source "ChessBase"]
[SourceDate "2009.01.28"]
[SourceVersion "1"]
[SourceVersionDate "2009.01.28"]
[SourceQuality "1"]
[WhiteTeam "Armenia"]
[BlackTeam "Russia"]
[WhiteTeamCountry "ARM"]
[BlackTeamCountry "RUS"]

1. d4 d5 2. c4 c6 3. Nf3 Nf6 4. Nc3 e6 5. Bg5 h6 6. Bh4 dxc4 7. e4 g5 8. Bg3 b5
9. Ne5 Bb7 (9... h5 {was examined in CBM 120 and 123. The text move is
considered less accurate.}) 10. h4 g4 (10... Bg7 11. hxg5 hxg5 12. Rxh8+ Bxh8
13. Qf3 $1 (13. a4 a6 14. Bxc4 $1 b4 (14... Nbd7 15. Qb3 Qe7 16. Be2 Nxe5 17.
Bxe5 b4 18. Nb1 O-O-O 19. Nd2 Nd7 20. Bxh8 Rxh8 21. Nc4 e5 22. O-O-O $16 {
1-0 Jobava,B (2330)-Raceanu,V (2293)/Artek 1999/EXT 2000(58)}) 15. Na2 c5 $1
$13 (15... a5 16. Qd3 Qe7 17. O-O-O $14 {1-0 Jobava,B-Nikoladze,S (2250)/
Tbilisi 1997/EXT 2002(28)})) 13... b4 $6 (13... Nbd7 14. O-O-O $44) 14. Nxc4
bxc3 15. bxc3 Kf8 16. Nd6 Qe7 17. Rb1 Ba6 18. e5 Ne8 19. Bxa6 Nxa6 20. Rb7 Nec7
21. Qxc6 $18 {1-0 Bocharov,D (2569)-Askarov,M (2522)/Kazan RUS 2008/The Week
in Chess 714 (27)}) (10... gxh4 11. Bxh4 Be7 12. Qf3 Nbd7 (12... b4 $6 13. Na4
Nbd7 14. Bxc4 (14. Nxc4 $5 $16) 14... Nxe5 15. dxe5 Nd7 16. Qh5 Bxh4 17. Rxh4 (
17. Bxe6 $1 Nxe5 18. Rxh4 Qf6 (18... Nd3+ 19. Ke2) 19. Nc5 $16) 17... Qe7 18.
Rg4 O-O-O 19. Rg7 $14 Rhf8 (19... Rdf8 $1 {Mchedlishvili,M; Izoria,Z}) 20. Rd1
$16 {1-0 Izoria,Z (2486)-Korobov,A (2470)/Patras 2001/CBM 083 ext(47)}) 13.
Nxf7 Kxf7 14. e5 Rb8 15. exf6 Nxf6 16. Bxf6 Bxf6 17. O-O-O Ke7 18. Qe3 Qf8 19.
g3 Kf7 20. Bh3 Qe7 21. Rhe1 Bc8 22. Ne4 $16 {1-0 Jobava,B-Tkeshelashvili,S 
(2180)/Tbilisi 1997/EXT 2002(31)}) (10... Rg8 11. hxg5 hxg5 12. Qf3 (12. Nxf7
Kxf7 13. e5 Nd5 $1 (13... Bb4 14. exf6 Rh8 15. Rh5 Nd7 16. Rxg5 Qxf6 17. Rg4
$36 {1-0 Pashikian,A (2534)-Rodshtein,M (2615)/Yerevan 2007/CBM 120 ext (38)})
14. Rh7+ Bg7 15. Qh5+ Kf8 16. Ne4 $6 (16. Qf3+ Ke8 17. Qh5+ Kf8 18. Qf3+ Ke8
19. Qh5+ {1/2 Grischuk,A (2716)-Karjakin,S (2732)/Baku AZE 2008/The Week in
Chess 703}) 16... Qa5+ 17. Kd1 Qa4+ 18. Kc1 Nb4 $2 (18... Qb4 $1) 19. Qf3+ Ke8
20. Nd6+ Kd8 21. Qf6+ Kc7 22. Ne8+ Kb6 (22... Kd7 $5) 23. Qd8+ Ka6 24. Nc7+ Ka5
25. Ne8+ {1/2 Estremera Panos,S (2394)-Perez Candelario,M (2537)/La Massana
AND 2008/The Week in Chess 716}) 12... Qe7 13. O-O-O (13. Be2 Nbd7 14. Rd1
O-O-O 15. Kf1 a6 16. b3 cxb3 17. axb3 Nxe5 18. Bxe5 Nd7 19. Bg3 f6 20. Kg1 Bg7
21. Qe3 $44 {1-0 Sasikiran,K (2670)-Rodriguez Guerrero,E (2464)/La Roche sur
Yon 2006/CBM 112 (51)}) 13... Nbd7 14. Nxd7 Nxd7 15. e5 O-O-O 16. Ne4 c5 17. d5
Qe8 18. Qg4 Bxd5 19. Rh7 Be7 20. Rxd5 exd5 21. e6 f5 22. Qxf5 dxe4 23. Qxe4 Nb6
24. Rxe7 Rd1+ 25. Kxd1 Qxe7 26. Be2 $2 (26. Qc6+ Kd8 27. Be2 $16) 26... Qb7 $1
$13 {1/2 Sargissian,G (2676)-Perez Candelario,M (2537)/Merida ESP 2008/The
Week in Chess 701 (34)}) 11. Nxg4 (11. Be2 Nbd7 $5 (11... h5 {leads to the
main theoretical line 9.h4 g4 10.Ne5 h5}) 12. Nxd7 (12. Bxg4 $5) 12... Qxd7 13.
Be5 Qe7 14. Bxg4 Rg8 15. Bf3 Nd7 16. Bg3 O-O-O 17. Qe2 e5 18. d5 Nc5 19. O-O-O
(19. O-O $142) 19... Nd3+ 20. Kb1 Kb8 21. dxc6 Bxc6 $13 {0-1 Georgescu,T (2384)
-Gurevich,M (2611)/Plovdiv BUL 2008/The Week in Chess 703 (29)}) 11... Nxg4 (
11... Nbd7 12. Nxf6+ Qxf6 (12... Nxf6 13. Qf3 Rg8 14. Be2 (14. O-O-O $5) 14...
a6 (14... b4 $5 15. Na4 c5) 15. Rd1 Nd7 16. O-O Qf6 17. Qe3 O-O-O 18. b3 cxb3
19. axb3 Be7 20. Rc1 $16 {1-0 Gelfand,B (2723)-Alekseev,E (2711)/Dagomys RUS
2008/The Week in Chess 700 (37)}) 13. Qd2 $1 (13. Be2 Rg8 $1 (13... O-O-O 14.
e5 Qf5 15. a4 b4 16. Bxc4 Nc5 (16... bxc3 17. Bd3) 17. Ne2 Rg8 18. O-O Be7 19.
Qc1 $16 {1-0 Radjabov,T (2744)-Cheparinov,I (2687)/Sochi RUS 2008/The Week in
Chess 717 (38)}) 14. e5 Qf5 15. O-O O-O-O 16. a4 $6 (16. Qb1 $13) 16... b4 17.
Bxc4 bxc3 18. bxc3 c5 19. Bd3 Be4 20. Ba6+ Kc7 21. Qe2 Bc6 22. Rfe1 Qg4 23. Qd2
Be7 24. Be2 Qg7 $17 {1-0 Babuiian,L (2415)-Grigoriants,S (2577)/Istanbul 2008/
CBM 125 Extra (41)}) 13... O-O-O (13... Rg8 14. O-O-O Nb6 15. Qe3 b4 16. e5 Qf5
17. Ne4 O-O-O 18. Be2 c5 19. dxc5 Qxe4 20. Rxd8+ Kxd8 21. Qxe4 Bxe4 22. cxb6
axb6 23. Rd1+ Kc8 24. Rd4 Bxg2 25. Rxc4+ Bc5 26. Rf4 $16 {1-0 Bocharov,D (2569)
-Vitiugov,N (2617)/Dagomys RUS 2008/The Week in Chess 701 (86)}) 14. h5 Bg7 15.
O-O-O Qe7 16. Qe3 e5 17. dxe5 Bxe5 18. Bxe5 Nxe5 19. Be2 Nd3+ 20. Bxd3 cxd3 21.
Rxd3 Rxd3 22. Qxd3 Qg5+ 23. Qd2 Qxg2 24. Rd1 Qg5 25. f4 $14 {1/2 Gelfand,B 
(2737)-Najer,E (2634)/Odessa UKR 2008/The Week in Chess 687 (?)}) 12. Qxg4 Qxd4
13. Rd1 (13. Be2 Na6 $5 (13... h5 14. Qf4 Na6 15. Rd1 Qg7 16. O-O Be7 17. a4 b4
18. Nb1 Qf6 19. Nd2 $14 {0-1 Greenfeld,A (2559)-Roiz,M (2644)/Beer Sheva 2007/
CBM 120 ext (45)}) (13... Nd7 $5 14. Rd1 Qc5 15. Qf4 Rd8 16. O-O Bg7 17. Qg4
Be5 18. Kh1 h5 19. Qg5 Bf6 20. Qc1 Ne5 21. Rxd8+ Kxd8 22. f4 Ng4 23. e5 Be7 24.
Bxg4 hxg4 25. Ne4 Qb6 26. Qd1+ Kc8 27. Qxg4 c5 $13 {0-1 Nebolsina,V (2345)
-Shumiakina,T (2360)/Chelyabinsk RUS 2008/The Week in Chess 709 (68)}) 14. Rd1
(14. O-O Nc5 15. Qh5 Rg8 16. Be5 Qd7 17. Rfd1 Nd3 18. Bxd3 cxd3 19. Qf3 Rd8 20.
Rd2 c5 21. a4 b4 22. Nb5 f5 $17 {0-1 Rodshtein,M (2626)-Nyback,T (2587)/
Plovdiv BUL 2008/The Week in Chess 704 (40)}) 14... Qg7 15. Qh5 (15. Qf3 {
[%cal Ye4e5]}) 15... Qg6 (15... Nc5 16. Be5 Qxg2 17. Bf3 Qg8 $13) 16. Qe5 Qg7
17. Nxb5 Qxe5 18. Bxe5 cxb5 19. Bxh8 $14 {0-1 Greenfeld,A (2559)-Gelfand,B 
(2736)/Beer Sheva 2007/CBM 120 ext (23)}) 13... Qf6 $146 {[%mdl 8]} (13... Qg7
14. Qf4 Na6 15. Be2 (15. a4 $5 Bb4 16. Be2 O-O 17. O-O Nc5 18. Qe3 Nb3 (18...
Bxc3 $142 19. bxc3 Nxa4 20. Rd7 $44) 19. axb5 Bc5 20. Qf4 cxb5 21. Nxb5 Nd4 22.
Nxd4 Bxd4 23. Bxc4 $16 {1/2 Sasikiran,K (2700)-Stefanova,A (2483)/Zafra 2007/
CBM 117 (72)}) 15... Be7 (15... Nc5 16. O-O Rc8 17. e5 Be7 18. Qe3 Rd8 19.
Rxd8+ Kxd8 20. b4 cxb3 21. axb3 a5 22. Rc1 $36 {1-0 Bellon Lopez,J (2440)
-Almagro Mazariegos,S (2311)/La Roda 2006/CBM 111 ext (32)}) (15... e5 16.
Qxe5+ Qxe5 17. Bxe5 Rg8 18. a4 Bb4 19. O-O Nc5 20. axb5 Bxc3 21. Bxc3 cxb5 22.
f3 $16 {1-0 Pashikian,A (2611)-Motylev,A (2672)/Kallithea GRE 2008/The Week in
Chess 729 (45)}) 16. O-O $5 (16. e5 Nb4 17. Ne4 Nd5 18. Qc1 Bb4+ 19. Kf1 O-O-O
$15 {0-1 Eljanov,P (2641)-Dreev,A (2705)/Sochi 2005/CBM 107/[Lutz] (104)})
16... Nc5 17. e5 Qg6 18. Rd4 Rd8 19. Rfd1 Rd5 $6 (19... Rxd4 20. Rxd4 Qc2 21.
Bh5 Qf5 $13) 20. Qe3 h5 21. Bf3 a6 22. b4 cxb3 23. axb3 $16 {1-0 Aronian,L 
(2757)-Caruana,F (2640)/Dresden GER 2008/The Week in Chess 732 (32)}) 14. e5 (
14. Be2 h5 $5 (14... Nd7)) 14... Qf5 $5 {Here the black queen is more active
than on g7.} 15. Qd4 Be7 16. b3 (16. a4 O-O 17. axb5 cxb5 18. Nxb5 Nc6 $132)
16... c5 17. Qe3 $6 (17. Qd2 $1 $13 {preventing 17...Nc6.}) 17... Nc6 $1 18.
bxc4 Nb4 19. Qf4 Nc2+ 20. Ke2 Qxf4 21. Bxf4 bxc4 $17 {Black has clearly won
the opening/middlegame battle. His doubled pawns should not be underestimated
- they control important central squares.} 22. f3 Nd4+ (22... Nb4 $5 {[%cal
Yb4d5]}) 23. Kf2 Bd5 24. h5 (24. Rb1 $5) 24... Rb8 25. Be2 Rb2 26. Rd2 Rxd2 27.
Bxd2 f6 28. exf6 Bxf6 29. Rb1 Nxe2 $6 {Giving up this formidable knight was
not necessary.} (29... Kd7 30. Bd1 Kd6 $17) 30. Nxe2 O-O $6 (30... Kd7 31. Bc3
Bxc3 32. Nxc3 Kc6 $15) 31. Bxh6 Bh4+ 32. Kg1 Rf5 {Black must recapture the
pawn but White now creates sufficient counterplay.} 33. Rb8+ Kh7 34. Bd2 Rxh5
35. Bc3 Bg5 36. Kf2 Bh4+ 37. Kf1 Bg5 38. Ng3 Rh4 39. Rh8+ Kg6 40. Rg8+ Kh6 41.
Rh8+ 1/2-1/2

[Event "Corus"]
[Site "Wijk aan Zee"]
[Date "2008.01.22"]
[Round "9"]
[White "Topalov, Veselin"]
[Black "Kramnik, Vladimir"]
[Result "1-0"]
[WhiteElo "2780"]
[BlackElo "2795"]
[Annotator "Krasenkow,M"]
[PlyCount "89"]
[EventDate "2008.01.12"]
[EventType "tourn"]
[EventRounds "13"]
[EventCountry "NED"]
[EventCategory "20"]
[SourceTitle "CBM 122"]
[Source "ChessBase"]
[SourceDate "2008.01.30"]
[SourceVersion "1"]
[SourceVersionDate "2008.01.30"]
[SourceQuality "1"]

1. d4 d5 2. c4 c6 3. Nf3 Nf6 4. Nc3 e6 5. Bg5 h6 6. Bh4 dxc4 7. e4 g5 8. Bg3 b5
9. Be2 Bb7 10. O-O Nbd7 11. Ne5 Bg7 12. Nxf7 $5 $146 {[%mdl 520] With this
sacrifice (apparently prepared long ago) Veselin Topalov opens up a new
chapter in the theory of the Moscow Gambit!} Kxf7 13. e5 Nd5 {The position is
extremely complicated and needs detailed analysis. Particularly, I would
consider giving the piece back at once:} (13... Rf8 14. exf6 Nxf6 15. Be5 Kg8
16. Qc2 Qe7 17. Rae1 $44) 14. Ne4 Ke7 15. Nd6 Qb6 16. Bg4 $44 {Black is a
clear piece up but his position is not easy to play. His king is in jeopardy
and the white d6 knight is extremely powerful.} Raf8 {Of course, Black has a
lot of defensive ideas which deserve attention, such as, e.g.,} (16... Rhg8 $5
17. Qc2 Nf8) 17. Qc2 Qxd4 $2 {A very unfortunate move clarifying the position
in White's favour.} (17... Rhg8 {is an attempt at improvement, successfully
applied on the next day in the Honorary Group:} 18. a4 $6 (18. Qg6 {leads
nowhere due to} Nc7) ({but something else should be looked for, say,} 18. Rad1
$5) 18... Ba8 (18... Qxd4 {now appears very strong}) 19. Rfe1 Nc7 20. d5 cxd5
21. axb5 a5 22. b3 cxb3 23. Qh7 d4 24. Bh5 Nxb5 25. Nf7 b2 26. Rab1 Nc3 $19 {
0-1 Timman,J-Ljubojevic,L/Corus Honorory, Wijk aan Zee NED 2008 (42)}) 18. Qg6
Qxg4 19. Qxg7+ Kd8 20. Nxb7+ {White has recaptured the piece while keeping up
a strong attack.} Kc8 21. a4 $1 b4 22. Rac1 c3 $6 (22... Rfg8 $5 23. Qf7 Rf8
24. Nd6+ Kc7 25. Qg6 Rhg8 26. Qb1 $14) 23. bxc3 b3 $2 (23... Rfg8) 24. c4 $1
Rfg8 25. Nd6+ Kc7 26. Qf7 Rf8 27. cxd5 $2 (27. h3 $1 Rxf7 28. hxg4 {[%cal
Cd5e3,Ce3f1,Od6f7,Rc4d5] was apparently winning at once.}) 27... Rxf7 28. Rxc6+
Kb8 29. Nxf7 Re8 $2 {It is very difficult to defend such a position. Probably}
(29... Qe2 $1 {was the solution, e.g.} 30. Rc3 $1 (30. Nxh8 $2 Qxf1+ $1 31.
Kxf1 b2) (30. Rb1 $2 Qa2) 30... b2 31. Rb3+ Ka8 32. Nxh8 Nc5 $1 33. Rxb2 (33.
Rb4 a5 34. Rb5 Nxa4) (33. Rb5 Nxa4 34. Rxb2 Qxb2 35. dxe6 Qb6 36. e7 Qe6 $13)
33... Qxb2 {and the fight is in full swing.}) 30. Nd6 Rh8 31. Rc4 $1 {White
now stops the b3-pawn and his own central pawns decide the game.} Qe2 32. dxe6
Nb6 33. Rb4 Ka8 34. e7 Nd5 35. Rxb3 Nxe7 36. Rfb1 Nd5 37. h3 h5 38. Nf7 Rc8 39.
e6 a6 40. Nxg5 h4 41. Bd6 Rg8 42. R3b2 Qd3 43. e7 Nf6 44. Be5 Nd7 45. Ne6 1-0

[Event "Corus"]
[Site "Wijk aan Zee"]
[Date "2008.01.18"]
[Round "6"]
[White "Kramnik, Vladimir"]
[Black "Aronian, Levon"]
[Result "1-0"]
[WhiteElo "2799"]
[BlackElo "2739"]
[Annotator "Krasenkow,M"]
[PlyCount "219"]
[EventDate "2008.01.12"]
[EventType "tourn"]
[EventRounds "13"]
[EventCountry "NED"]
[EventCategory "20"]
[SourceTitle "CBM 122"]
[Source "ChessBase"]
[SourceDate "2008.01.30"]
[SourceVersion "1"]
[SourceVersionDate "2008.01.30"]
[SourceQuality "1"]

1. d4 d5 2. c4 c6 3. Nf3 Nf6 4. Nc3 e6 5. Bg5 h6 6. Bh4 dxc4 7. e4 g5 8. Bg3 b5
9. Be2 Bb7 10. O-O Nbd7 11. Ne5 Bg7 12. Nxd7 Nxd7 13. Bd6 a6 {This system is
examined by GM I.Stohl in CBM 118 (annotations to Iljin-Nepomniachtchi), by GM
D.Rogozenko in CBM 120, as well as in annotations to Inarkiev-Aronian in this
issue.} 14. a4 e5 15. Bg4 (15. d5 c5 16. b4 $1 Qb6 $1 17. bxc5 Nxc5 18. Bxc5
Qxc5 19. axb5 axb5 20. Rxa8+ Bxa8 21. Qa1 O-O 22. Qa5 Rb8 23. Rb1 Bf8 24. Nxb5
(24. Rxb5 Rxb5 25. Qxb5 Qxb5 26. Nxb5 Bb7 27. Bxc4 Ba6 28. Kf1 Bxb5 29. Bxb5
Bc5 $11 {1/2-1/2 Gustafsson,J-Aronian,L/Khanty-Mansiysk RUS 2007/The Week in
Chess 682 (40)}) 24... f5 25. Qa6 Kh8 26. Nc3 Rxb1+ 27. Nxb1 Qb4 28. Qxa8 Qxb1+
29. Bf1 Qb4 30. exf5 c3 $132 {1/2-1/2 Alekseev,E-Bareev,E/Khanty-Mansiysk RUS
2007/The Week in Chess 682 (40)}) (15. Re1 Qf6 16. Ba3 Bf8 17. Bg4 Rd8 18. Nd5
{1/2-1/2 Kramnik,V-Shirov,A/Moscow 2007/EXT 2008}) 15... exd4 16. e5 c5 $1 {
An active response leading to immense complications.} (16... dxc3 17. e6 Ne5
18. e7 $16 Qb6 $2 19. Bxe5) 17. Re1 (17. axb5 Nxe5 18. Bxe5 Bxe5 19. bxa6 Rxa6
20. Rxa6 Bxa6 21. Re1 Qc7 22. Qe2 f6 23. Nd5 Qd6 $15 {1/2-1/2 Iljin,A-Smirnov,
P/Saratov 2006/EXT 2008 (40)}) (17. Bf3 Nxe5 $1 (17... Bxf3 $2 18. Qxf3 Nxe5
19. Qd5 $1 dxc3 20. Rfe1 (20. Rae1 $18 {[%cal Re1e5,Rd5c6] Stohl}) 20... cxb2
21. Rad1 b1=Q 22. Rxb1 Rc8 23. axb5 axb5 24. Rbd1 $18 {1-0 Kuljasevic,D-Zhao
Jun/Richardson USA 2007/The Week in Chess 684 (30)}) (17... Ra7 $2 18. Bxb7
Rxb7 19. Ne4 $1 Nxe5 20. axb5 axb5 21. f4 $1 gxf4 22. Qh5 Rb6 23. Bxe5 $18 {
1-0 Iljin,A-Nepomniachtchi,I/Dresden 2007/CBM 118/[Stohl] (27)}) 18. Bxb7 Qxd6
19. Bxa8 O-O $1 20. Ne4 Qc7 21. axb5 Rxa8 22. f4 gxf4 23. Qh5 Ra7 24. Rxa6 Rxa6
25. bxa6 Qc6 26. Qf5 Qxa6 27. Rxf4 Qg6 28. Nxc5 d3 $44 {1/2-1/2 DEEP
JUNIOR-DEEP FRITZ/Elista RUS 2007/The Week in Chess 657 (47)}) 17... Nxe5 $1
18. Bxe5 O-O 19. Bxg7 Kxg7 20. Ne2 {Black's pawn avalanche looks powerful but
the position of his king is quite unsafe.} f5 21. Bh5 f4 22. b4 $1 cxb3 (22...
d3 $5 23. bxc5 $1 b4 $1 $13 {was recommended by Vishy Anand. This will
possibly be checked in future.}) 23. Qxb3 Qd5 24. Qh3 Bc8 25. Nc3 $1 $146 {
[%mdl 8] Anand's other suggestion.} (25. Qd3 {was seen in his rapid game vs.
Radjabov:} Bf5 26. Qd2 Qd7 27. Rac1 (27. Bf3 Rac8 28. axb5 axb5 29. h3 $13 {
V.Anand}) 27... Rac8 28. h4 Kh8 $1 29. axb5 axb5 30. Qb2 b4 $13 {0-1 Radjabov,
T-Anand,V/Mainz (m) 2006/Inf 97/[Anand,V] (58)}) 25... dxc3 26. Qxc3+ Qd4 27.
Qf3 $36 {The poor position of Black's king makes him defend carefully.} Ra7 (
27... Rb8 $5 28. Qc6 (28. Re7+ Kh8 29. Rd1 Qf6 30. Rc7 Be6) 28... Kg8 29. Rad1
Qg7 30. axb5 axb5 31. Qd5+ Kh8 32. Qxc5 Bf5) 28. axb5 {This pawn now remains
alive and turns into a powerful "second weakness" (from Black's point of view).
} Qf6 (28... Rf6 $5 29. Rad1 Qc4) 29. Qa3 $1 Qb6 30. Qc3+ Kg8 31. Re5 Qf6 32.
Qxc5 Rd7 33. h4 $1 gxh4 34. Bg4 Rdd8 35. Bxc8 Rxc8 36. Qd5+ Qf7 37. bxa6 Qxd5
38. Rxd5 Rf7 39. a7 Ra8 40. Rda5 {[%mdl 4096] The complication ended in a
seemingly simple endgame. White's a7-pawn is strong but it is not easy to make
use of it with four rooks on the board (needless to say that with one pair of
rooks Black's position would be absolutely hopeless).} Kh7 (40... f3 41. gxf3
Rxf3 $2 {is impossible due to} 42. Rb1 {[%cal Rb1b8] but can White win if
Black doesn't take on f3? I don't think so.}) 41. R1a3 {...f4-f3 must now be
prevented.} (41. f3 Rg7 {is hardly better.}) 41... h3 $5 42. gxh3 f3 43. Kh2
Rg7 44. h4 Rg2+ 45. Kh3 Rg7 46. Ra6 Rf7 47. R3a5 Rg7 48. h5 Rf7 49. Kg4 (49.
Kh2 Rg7 50. Kh1 Rg4) 49... Rg8+ 50. Kh3 Ra8 51. Kg4 Rg8+ 52. Rg6 {There is no
other way to make progress but now White can hardly avoid the drawish endgame
with f- and h- pawns.} Ra8 53. Raa6 Raxa7 54. Rxh6+ Kg8 55. Rag6+ Rg7 56. Kxf3
Rxg6 57. Rxg6+ (57. hxg6 Ra3+ 58. Kg2 Ra6 $11) 57... Kf7 {With the sudden
death time control, it is not easy to hold endgames like this one or, say, R
vs R+B, especially against Kramnik. The drawish endgame I lost to him at Wijk
five years ago was a good example.} 58. Rg4 Ra1 59. Kg3 Rh1 60. Rh4 Ra1 61. Rb4
Kg7 62. Rb6 Rg1+ 63. Kf4 Rh1 64. Kg5 Rg1+ 65. Kf5 Rh1 66. h6+ {In theory, when
this pawn goes to h6, White loses any winning chances...} Kh7 67. Ra6 Rf1 68.
f4 Rb1 69. Re6 Ra1 70. Rf6 Re1 71. Kg4 Ra1 72. f5 Rg1+ 73. Kf4 Rf1+ 74. Ke5
Re1+ 75. Kd6 Rf1 76. Ke7 Rf2 77. Rf8 Re2+ (77... Kxh6 {was already good enough:
} 78. f6 Ra2 79. Rd8 (79. Re8 Ra7+ 80. Ke6 Ra6+ 81. Kf5 Ra5+ 82. Re5 Ra8 $11)
79... Ra7+ ({or} 79... Kg6 80. Rg8+ Kf5 $1 81. f7 Ra7+ 82. Kf8 Kf6) 80. Rd7 Ra8
$11) 78. Kf7 Ra2 79. Rd8 Ra7+ (79... Kxh6 $1 80. f6 (80. Rh8+ Kg5) 80... Ra7+)
80. Kf6 Ra1 81. Rd2 Rb1 82. Ra2 Rb3 83. Rh2 Rb1 84. Rh4 Rb8 85. Kg5 Rg8+ 86.
Kf4 Ra8 87. Kg5 Rg8+ 88. Kf6 Ra8 89. Re4 Ra1 90. Re8 Ra2 91. Re1 Ra3 92. Rh1
Ra2 93. Kg5 Rg2+ 94. Kf4 Rf2+ 95. Ke4 Re2+ 96. Kf3 Ra2 97. Ke4 Re2+ 98. Kd4
Rd2+ 99. Ke3 Ra2 100. f6 Ra7 {Black was probably under severe time pressure as
after} (100... Ra3+ {the white king simply had no place where to hide!}) 101.
Rf1 Kg6 102. Ke4 Ra4+ 103. Kd5 Kf7 $4 {[%mdl 8192] A terrible blunder.} (103...
Ra5+ 104. Kc4 Ra4+ 105. Kb5 Ra8 $11 {[%cal Ya8f8,Og6h6,Yf8f6]}) 104. Rh1 Ra5+
105. Kc4 Ra4+ 106. Kb5 Ra8 107. h7 Rh8 108. Rh6 {Suddenly Black is lost! His
rook is passive and he can do nothing against the approach of the white king!}
Rb8+ 109. Kc6 Rc8+ 110. Kd6 (110. Kd6 Rh8 111. Kd7 $18) 1-0